| 000 | 00000nam##2200000za#4500 |
| 001 | 9.668370 |
| 003 | CaOODSP |
| 005 | 20210615124123 |
| 007 | ta |
| 008 | 150407|2007||||xxc||||| f|0| 0 fre|d |
| 020 | |a978-0-662-49837-7 |
| 040 | |aCaOODSP|bfre |
| 041 | |aeng |
| 041 | |afre |
| 043 | |an-cn--- |
| 086 | 1 |aSW21-22/2007 |
| 110 | 1 |aCanada.|bCondition féminine Canada. |bRecherche en matière de politiques. |
| 245 | 10|aÀ la recherche de données sur les femmes : |bles principales sources à Statistique Canada (2007) / |cpar Marcia Almey; Produit par Statistique Canada à l'intention de Condition féminine Canada. |
| 260 | |aOttawa - Ontario : |bCondition féminine Canada. |cMars 2007. |
| 300 | |aTexte français, iii, 143p. : |btableaux ; |c28 cm. |
| 504 | |aBibliographie. |
| 520 | 3 |aCe guide traite des sources de données sur les femmes de Statistique Canada, le principal fournisseur de données ventilées selon le sexe au Canada. On n'y trouvera pas de statistiques comme tel; plutôt, ce guide comprend des informations sur comment et où retrouver les statistiques touchant les sujets économiques, sociaux et juridiques se rapportant à l'égalité entre les femmes et les hommes. |
| 563 | |aCouverture souple |
| 590 | |a07-14|b2007-04-05 |
| 691 | 07|aFemme|2gcpds |
| 720 | 1 |aAlmey, Marcia |
| 776 | 0#|tÀ la recherche de données sur les femmes |w(CaOODSP)9.633699 |
| 776 | 0#|tFinding data on women |w(CaOODSP)9.689281 |
| 791 | |tFinding data on women : |eeng|w(CaOODSP)9.668369 |